000
00249nam a2200097Ia 4500
001
1300555
005
20260420095906.0
008
260420s9999 xx 000 0 und d
245
0
_a
İLK OKUMA-YILANLAR
_c
JAMES MACLAINE
260
_b
TÜBİTAK YAYINLARI
999
_c
1300555
_d
1300555